Statistics for Countries by Partial Flag Images #5

Click here to take the quiz!

General Stats

  • This quiz has been taken 1,823 times
  • The average score is 13 of 16

Answer Stats

HintAnswer% Correct
HTML tutorial Germany
99%
HTML tutorial Iran
97%
HTML tutorial Panama
96%
HTML tutorial Finland
95%
HTML tutorial Bosnia and Herzegovina
94%
HTML tutorial Chile
94%
HTML tutorial Syria
92%
HTML tutorial Angola
88%
HTML tutorial San Marino
86%
HTML tutorial Mongolia
85%
HTML tutorial Nepal
81%
HTML tutorial Paraguay
80%
HTML tutorial Cape Verde
70%
HTML tutorial Norway
68%
HTML tutorial Ethiopia
64%
HTML tutorial Guatemala
58%

Score Distribution

Percentile by Number Answered

Percent of People with Each Score

Your Score History

You have not taken this quiz